000
00325nam a2200133Ia 4500
008
240624s9999 xx 000 0 und d
041
_a
eng
082
_a
519.535 LUK
100
_a
LUKE DOUGLAS A
245
_a
MULTILEVEL MODELING
260
_c
2007
_a
London
_b
Sage Publications
300
_a
79 : p. : cm. ; 25
365
_c
_b
32
999
_c
6301
_d
6301